000 00625nam a22001937a 4500
005 20140808115451.0
010 _aENG-110274
020 _a9789350978917
_c435.00
035 _aEN-93806
037 _bDBAD/PUB
082 _a519.5
100 _aBhukta, Anindya
245 _aBasics of undergraduate mathematics and statistics /
_cby Anindya Bhukta [and] Debaprasanna Biswas
260 _aMumbai
_bHimalaya Publishing House
_c2013
270 _aRamdoot, Dr. Bhalerao Marg, Girgaon
_bMumbai
_e400004
300 _a471p.:
_c24cm(pbk)
_bill.
700 _aBiswas, Debaprasanna
942 _2ddc
_cEN
_mBHU
_h519.5
999 _c85272
_d85272